Curs de dret públic de Catalunya : comentari a l'Estatut / Joan Ridao comentari a l'Estatut / Joan Ridao
ISBN:
978-84-9711-000-6
Publicado:
Barcelona :
Generalitat de Catalunya. Escola d'Administració Pública de Cataluya, Ariel ,
2007
Descripción Física:
590 p. ; 23 cm
MARC
| LEADER | 00000nam a2200000Ia 4500 | ||
|---|---|---|---|
| 001 | 21696 | ||
| 008 | 160829s2007 xx 000 0 cat d | ||
| 020 | |a 978-84-9711-000-6, 978-84-393-7488-6 | ||
| 080 | |a D-4-37 | ||
| 100 | |a Ridao, Joan |9 46035 | ||
| 245 | |a Curs de dret públic de Catalunya : |b comentari a l'Estatut / Joan Ridao | ||
| 260 | |a Barcelona : |b Generalitat de Catalunya. Escola d'Administració Pública de Cataluya, Ariel, |c 2007 | ||
| 300 | |a 590 p. ; |c 23 cm | ||
| 590 | |a Referències bibliogràfiques a cada capítol | ||
| 610 | 1 | 0 | |a Catalunya. |t Estatut d'autonomia (2006) |9 10934 |
| 650 | |a Autonomia |x Catalunya |9 30010 | ||
| 650 | 0 | |a Dret públic |z Catalunya |9 10718 | |
| 650 | 0 | |a Història constitucional |x Catalunya |9 46038 | |
| 651 | 0 | |a Catalunya |x Política i govern |9 53682 | |
| 710 | |a Escola d'Administració Pública de Catalunya |9 15494 | ||
| 901 | |a Arxiu | ||
| 942 | |n 1 | ||
| 952 | |0 1 |1 0 |2 udc |4 0 |5 2 |6 D437 |7 1 |9 52942 |a Arxiu |b Arxiu |d 2016-12-01 |l 0 |o D-4-37 |p 21696 |r 2016-12-01 00:00:00 |w 2016-12-01 |y ARXIU | ||
| 999 | |c 56791 |d 56791 | ||